01621 a2200181 45000010006000000050017000060080041000230030015000640400040000790800064001192450037001830200018002202640043002383000019002815051085003001000024013857000030014093148520260407155619.0260407a1998 arg spa dAR-UNSa-BCEJYS aAR-UNSa-BCEJYSbspacAR-UNSa-BCEJYS a657-051xProfesional en Ciencias Económicas (Contador...)10aActuación Profesional Judicial a950-537-434-8 1aBuenos Aires :bEdiciones Macchic1998 a737 p.c23 cm. aParte I: 1. Evolución y caracteristicas de las profesiones en ciencias económicas - 2. Organización judicial - 3. Nociones de derecho procesal - 4. La actuación como perito contador en las controversias laborales en el ambito nacional y de la provincia de buenos aires - 5. Pericias en el fuero penal - 6. Juicio oral: Peritos - Parte II: 7. El contador público - Parte III: 8. Aspectos contables fundamentales relacionados con la actuación del contador público en el ambito judical - Parte IV: 9. Otros desempeño profesionales del contador público y del licenciado en administración en el ambito judicial, en medidas de caracter cautelar(administrador, interventor, liquidador y veedor) - 10. Otros desempeños tradicionales del contador público - 11. El contador público en su rol como consultor técnico en el ambito forense - 12. El perito arbitro dentro del juicio de arbitros y amigables componedores - 13. La labor profesional del contador público en las nuevas alternativas de resolución de conflictos: medición, conciliación y arbitraje.1 aViegas, Juan Carlos1 aFronti de García, Luisa